000 00506cam a22001697a 4500
008 180718b2009 xxu||||| |||| 00| 0 eng d
082 _aI29 Ov2n
100 _aOverman, Stephenie
245 _aNext- generation wellness at work
_cby Stephenie Overman
260 _aSanta Barbara
_bPraeger
_c2009
300 _a191p.
650 _aOrganizational Innovation
650 _aHealth Promotion
650 _aOccupational Health
650 _aOccupational health services
650 _aEmployee health promotion
999 _c444796
_d444796